Confine Più Lungo - Europa #2 - Statistics

Statistiche generali
  • Questo quiz è stato fatto 205 volte
  • Il punteggio medio è 14 su 15
Statistiche sulle risposte
Paese - Lunghezza confine Confine più lungo % Corretto
Irlanda - 499 km Regno Unito
99%
Italia - 744 km Svizzera
99%
Lettonia - 453 km Lituania
98%
Monaco - 5 km Francia
97%
Norvegia - 1630 km Svezia
97%
Liechtenstein - 41 km Svizzera
97%
Portogallo - 1200 km Spagna
96%
Lussemburgo - 148 km Belgio
95%
Paesi Bassi - 577 km Germania
95%
Lituania - 502 km Bielorussia
94%
Kosovo - Serbia
94%
Macedonia - 234 km Grecia
93%
Moldavia - Ucraina
91%
Montenegro - 242 km Bosnia-Erzegovina
87%
Polonia - 796 km Repubblica Ceca
85%
Nessun quiz corrispondente trovato
Distribuzione punteggi
Percentuale di utenti per punteggio
Percentile per numero di risposta
I tuoi punteggi nel tempo
Non hai fatto questo quiz